| 000 | 00580nam a2200241 a 4500 | ||
|---|---|---|---|
| 001 | nice12345678 | ||
| 003 | IN_TiNIC | ||
| 005 | 20260116011304.0 | ||
| 008 | 050524s0000 laha grp 000 0 urd | ||
| 020 |
_a _c1 |
||
| 082 | 0 | 0 |
_a297.4 _bMAH |
| 100 | _aMahmood, Sh Bahauddin | ||
| 245 | _aSirrul Arifeen | ||
| 260 |
_aLahore _bAllah Waaley Ki Qawmi Dukaan _c0000 |
||
| 300 | _a197p | ||
| 500 | _aincludes index and biblioraphy | ||
| 505 | 2 | _aAppendix | |
| 650 | _aSufism-Chishti | ||
| 700 | 1 | _aMahmood, Sh Bahauddin | |
| 902 | _bRBA | ||
| 942 | _cBK | ||
| 999 |
_c202 _d202 |
||